Normal view
MARC view
Entry Personal Name
001 - CONTROL NUMBER
- control field: 5791
003 - CONTROL NUMBER IDENTIFIER
- control field: OSt
005 - DATE AND TIME OF LATEST TRANSACTION
- control field: 20220526142658.0
008 - FIXED-LENGTH DATA ELEMENTS
- fixed length control field: 220526|| aca||aabn | a|a d
040 ## - CATALOGING SOURCE
- Original cataloging agency: OSt
- Transcribing agency: OSt
100 ## - HEADING--PERSONAL NAME
- Personal name: Htun Hmat Win,
- Titles and other words associated with a name: Sao
670 ## - SOURCE DATA FOUND
- Source citation: Work cat.: (OSt)0: Htun Hmat Win, Sao., The initiation of novicehood and the ordination of monkhood in the Burmese Buddhist culture, 1986.